000 00720cam a22002531 4500
001 13073
003 BD-RjUL
005 20211208235412.0
008 140130s1955 mau 001 0 eng
035 _a(BD-RjUL)13123
035 _a(OCoLC)990403
040 _aDLC
_cOCoD
_dOCoLC
_dDLC
_dBD-RjUL
_beng
041 _aeng
082 _a595.798
_bCRH 1955
100 1 _aCrompton, John,
_d1893-
_940734
245 1 4 _aThe hunting wasp /
_cby John Crompton [pseud.]
260 _aBoston :
_bHoughton Mifflin,
_cc1955.
300 _axiii, 240 p. ;
_c22 cm.
504 _aIncludes bibliographical references and index.
650 0 _aWasps.
_940735
942 _2ddc
_cBK
999 _c13073
_d13073